| Tag |
First Indicator |
Second Indicator |
Subfields |
| LEADER |
00000pam a2200000 a 4500 |
| 001 |
in00000520719 |
| 005 |
20151013091147.0 |
| 008 |
820316m19849999njua b 00110aeng |
| 010 |
|
|
|a 82047604
|
| 020 |
|
|
|a 0691065012 (v. 1 : alk. paper)
|
| 035 |
|
|
|a (OCoLC)08346734
|
| 035 |
|
|
|9 ACF8746AM
|
| 039 |
0 |
|
|a 2
|b 3
|c 3
|d 3
|e 3
|
| 040 |
|
|
|a DLC
|c DLC
|d TXA
|d UtOrBLW
|
| 049 |
|
|
|a TXAM
|c 1
|v 1 [1276041]
|v 2
|p A [A11675522]
|v 2
|p B [A11675530]
|c 2
|v 1 [274631]
|
| 050 |
0 |
0 |
|a PR5083
|b .A4 1984
|
| 082 |
0 |
|
|a 821/.8
|a B
|2 19
|
| 100 |
1 |
|
|a Morris, William,
|d 1834-1896.
|
| 240 |
1 |
0 |
|a Correspondence
|
| 245 |
1 |
4 |
|a The collected letters of William Morris /
|c edited by Norman Kelvin.
|
| 264 |
|
1 |
|a Princeton, N.J. :
|b Princeton University Press,
|c [1984-]
|
| 264 |
|
4 |
|c ©1984-
|
| 300 |
|
|
|a volumes :
|b illustrations ;
|c 25 cm.
|
| 336 |
|
|
|a text
|b txt
|2 rdacontent
|
| 337 |
|
|
|a unmediated
|b n
|2 rdamedia
|
| 338 |
|
|
|a volume
|b nc
|2 rdacarrier
|
| 504 |
|
|
|a Includes bibliographical references and indexes.
|
| 505 |
1 |
|
|a v. 1. 1848-1880.
|
| 600 |
1 |
0 |
|a Morris, William,
|d 1834-1896.
|t Correspondence.
|
| 650 |
|
0 |
|a Authors, English
|y 19th century
|v Correspondence.
|
| 650 |
|
0 |
|a Artists
|z England
|x Correspondence.
|
| 650 |
|
0 |
|a Socialists
|z England
|x Correspondence.
|
| 700 |
1 |
|
|a Kelvin, Norman.
|
| 999 |
|
|
|a MARS
|
| 999 |
f |
f |
|s 342398a7-e5ca-3311-97ca-98e24c1c32b2
|i 63589a05-7685-3e02-9f61-e3c481040851
|t 0
|
| 952 |
f |
f |
|p normal
|a Texas A&M University
|b College Station
|c Sterling C. Evans Library
|d Evans: Library Stacks
|t 0
|e PR5083 .A4 1984
|h Library of Congress classification
|i unmediated -- volume
|k v.2:pt.B
|m A14811675530
|
| 952 |
f |
f |
|p normal
|a Texas A&M University
|b College Station
|c Sterling C. Evans Library
|d Evans: Library Stacks
|t 0
|e PR5083 .A4 1984
|h Library of Congress classification
|i unmediated -- volume
|k v.1
|m A14808798549
|
| 952 |
f |
f |
|p normal
|a Texas A&M University
|b College Station
|c Sterling C. Evans Library
|d Evans: Library Stacks
|t 0
|e PR5083 .A4 1984
|h Library of Congress classification
|i unmediated -- volume
|k v.1
|m A14808058575
|
| 952 |
f |
f |
|p normal
|a Texas A&M University
|b College Station
|c Sterling C. Evans Library
|d Evans: Library Stacks
|t 0
|e PR5083 .A4 1984
|h Library of Congress classification
|i unmediated -- volume
|k v.2:pt.A
|m A14811675522
|
| 998 |
f |
f |
|a PR5083 .A4 1984
|s v.2 pt.B
|t 0
|l Evans: Library Stacks
|